000 00639nam a2200241 a 4500
003 AR-BaBNM
005 20251128203412.0
008 082120s2002 ||||||||||||||000 | spa||
040 _cAR-BaBNM
100 1 _aCorts Grau, José
245 0 0 _aFilosofía del derecho
_bhistoria, hasta el siglo XIII
_n4
260 _aMadrid
_bEscorial
_c1942
300 _a310 p.
490 0 _aIdea. Serie española
_vv. 2
500 _aIndice p.309-310
504 _aBibliografía p. 304-307
650 4 _aFILOSOFIA DEL DERECHO
650 4 _aHISTORIA DEL DERECHO
650 4 _aANTIGUEDAD
650 4 _aEDAD MEDIA
942 _cBK
998 _cAndrea
999 _c3220
_d3220